Συστήματα πληροφοριών διοίκησης (MIS) : οργάνωση και τεχνολογία στη δικτυωμένη επιχείρηση

Saved in:
Bibliographic Details
Main Author: Laudon, Kenneth C., 1944-
Other Authors: Laudon, Jane P. (Jane Price)
Format: Book
Language:Greek
English
Published: Αθήνα : Κλειδάριθμος, c2002.
Edition:4η Αμερικάνικη έκδ.
Subjects:
Tags: Add Tag
No Tags, Be the first to tag this record!

MARC

LEADER 00000cam a2200000 i 4500
001 1/53764
008 040427s2002 gr | ||| ||| ||gre||
020 |a 9602095598 
035 |l 10073151 
040 |a GR-MyUa  |b gre  |e AACR2 
041 1 |a gre  |h eng 
082 7 |a 658.4038011   |2 (22) 
100 1 |a Laudon, Kenneth C.,   |d 1944- 
245 1 0 |a Συστήματα πληροφοριών διοίκησης (MIS) :   |b οργάνωση και τεχνολογία στη δικτυωμένη επιχείρηση /   |c Kenneth C. Laudon, Jane P. Laudon ; μετάφραση Γιάννης Κατσαντώνης.  
250 |a 4η Αμερικάνικη έκδ. 
260 |a Αθήνα :   |b Κλειδάριθμος,   |c c2002.  
300 |a xxix, 656 σ. :   |b διαγρ., εικ., πιν. ;   |c 28 εκ. 
500 |a Τίτλος πρωτοτύπου: Essentials of management information systems, 4th ed.  
500 |a Το παράρτημα Χίου έχει την ανατύπωση του 2003 και 2004.  
500 |a Το παράρτημα Σύρου έχει την ανατύπωση του 2005.  
504 |a Βιβλιογραφία: σ. 597-626. Ευρετήριο.  
650 0 |a Management information systems. 
700 1 |a Laudon, Jane P.   |q (Jane Price) 
852 |a INST  |b CHIOS  |e 20060823  |h 658.4038011 LAU  |p 005200026290  |q 005200026290  |t BK  |y 0 
852 |a INST  |b CHIOS  |e 20040427  |h 658.4038011 LAU  |p 005200029436  |q 005200029436  |t BK  |y 0 
852 |a INST  |b CHIOS  |e 20040427  |h 658.4038011 LAU  |p 005200029441  |q 005200029441  |t BK  |y 0 
852 |a INST  |b CHIOS  |e 20050524  |h 658.4038011 LAU  |p 005200029524  |q 005200029524  |t BK  |y 0 
852 |a INST  |b CHIOS  |e 20090714  |h 658.4038011 LAU  |p 005200029876  |q 005200029876  |t BK  |y 0 
852 |a INST  |b SYROS  |e 20061205  |h 658.4038011 LAU  |p 005500004506  |q 005500004506  |t BK  |y 0 
852 |a INST  |b SYROS  |e 20061205  |h 658.4038011 LAU  |p 005500004507  |q 005500004507  |t BK  |y 0 
901 |a BIBL5-2006-3 
901 |a BIBL2-2004-1 
901 |a BIBL2-2009-2 
901 |a BIBL2-2005-2 
901 |a BIBL2-2006-2 
920 |a Διεύρυνση  |b ΕΠΕΑΕΚ-ΤΜΟΔ  |y Χίος  |z 2004-12 
970 |a Κοντού  |b Παρασκευή  |z 05/12/2006